La Reciente evolución económica en los países de la américa del sur y sus perspectivas históricas /
Se evalúan las condiciones económicas de América Latina con el fin de valorar las oportunidades de la región para lograr un desarrollo a largo plazo, bajo el supuesto que dicho desarrollo se alcanza a partir de: 1. buen funcionamiento del mercado de trabajo 2. una tasa adecuada de crecimiento económ...
Sábháilte in:
| Príomhchruthaitheoir: | |
|---|---|
| Rannpháirtithe: | |
| Formáid: | Téacs |
| Ábhair: | |
| Clibeanna: |
Cuir clib leis
Níl clibeanna ann, Bí ar an gcéad duine le clib a chur leis an taifead seo!
|
MARC
| LEADER | 00000 a a2200000 04500 | ||
|---|---|---|---|
| 001 | 18286 | ||
| 003 | |||
| 040 | |||
| 100 | |a Bonilla, Heraclio | ||
| 245 | |a La Reciente evolución económica en los países de la américa del sur y sus perspectivas históricas / |c Heraclio Bonilla | ||
| 520 | |a Se evalúan las condiciones económicas de América Latina con el fin de valorar las oportunidades de la región para lograr un desarrollo a largo plazo, bajo el supuesto que dicho desarrollo se alcanza a partir de: 1. buen funcionamiento del mercado de trabajo 2. una tasa adecuada de crecimiento económico y 3. políticas públicas tanto fiscales como financieras para asegurar un intercambio abierto con estabilidad monetaria, así como un presupuesto y una balanza de pagos equilibrada | ||
| 650 | |a DESARROLLO ECONOMICO SOCIAL | ||
| 650 | |a CONDICIONES ECONOMICAS | ||
| 650 | |a COMERCIO EXTERIOR | ||
| 650 | |a INVERSIONES DIRECTAS | ||
| 650 | |a RECESION ECONOMICA | ||
| 650 | |a REFORMA ECONOMICA | ||
| 650 | |a INFLACION | ||
| 650 | |a COMERCIO EXTERIOR | ||
| 650 | |a ESTADISTICAS ECONOMICAS | ||
| 650 | |a DESEMPLEO | ||
| 700 | |a Szmrecsányi, Tamás | ||
| 773 | |g número 98; páginas 11-39 | ||
| 999 | |c 23804 |d 23804 | ||
